Las aventuras de la diferencia (Record no. 149724)

MARC details
000 -LEADER
campo de control de longitud fija 00879nam a2200241 i 4500
001 - NÚMERO DE CONTROL
campo de control 149724
003 - IDENTIFICADOR DE NÚMERO DE CONTROL
campo de control ES-MaACL
005 - FECHA Y HORA DE LA ÚLTIMA TRANSACCIÓN
campo de control 20250816062538.0
007 - CAMPO FIJO DE DESCRIPCIÓN FÍSICA--INFORMACIÓN GENERAL
campo de control de longitud fija t|
008 - DATOS DE LONGITUD FIJA--INFORMACIÓN GENERAL
campo de control de longitud fija 071024s1986 sp |||| | spa d
100 1# - ENTRADA PRINCIPAL--NOMBRE DE PERSONA
Nombre de persona Vattimo, Gianni.
9 (RLIN) 113303
245 14 - MENCIÓN DEL TÍTULO
Título Las aventuras de la diferencia
Resto del título : pensar después de Nietzsche y Heidegger /
Mención de responsabilidad, etc. Gianni Vattimo ; traducción de Juan Carlos Gentile.
250 ## - MENCION DE EDICION
Mención de edición 1ª ed.
260 ## - PUBLICACIÓN, DISTRIBUCIÓN, ETC.
Lugar de publicación, distribución, etc. Barcelona :
Nombre del editor, distribuidor, etc. Península,
Fecha de publicación, distribución, etc. 1986.
300 ## - DESCRIPCIÓN FÍSICA
Extensión 173 p. ;
Dimensiones 20 cm.
490 1# - MENCIÓN DE SERIE
Mención de serie Historia, ciencia, sociedad ;
Designación de volumen o secuencia 197
600 14 - PUNTO DE ACCESO ADICIONAL DE MATERIA--NOMBRE DE PERSONA
Nombre de persona Nietzsche, Friedrich,
Fechas asociadas al nombre 1844-1900-
Subdivisión general Crítica e interpretación
9 (RLIN) 85721
600 14 - PUNTO DE ACCESO ADICIONAL DE MATERIA--NOMBRE DE PERSONA
Nombre de persona Heidegger, Martin-
Subdivisión general Crítica e interpretación.
9 (RLIN) 62339
700 1# - ENTRADA AGREGADA--NOMBRE PERSONAL
Nombre de persona Gentile, Juan Carlos.
9 (RLIN) 56359
830 00 - PUNTO DE ACCESO ADICIONAL DE SERIE-TÍTULO UNIFORME
Título uniforme Historia, ciencia, sociedad (Península)
Designación de volumen o secuencia 197
9 (RLIN) 177444
852 ## - LOCALIZACIÓN
Ubicación ES-MaACL
Número de control de estantería L-9879
Holdings
Estatus retirado Estado de pérdida Estado de daño No para préstamo Biblioteca de origen Biblioteca actual Ubicación en estantería Fecha de adquisición Fuente de adquisición Total de préstamos Signatura topográfica completa Código de barras Visto por última vez Precio de reemplazo Tipo de ítem Koha
        Biblioteca del Ateneo de Madrid Biblioteca del Ateneo de Madrid Depósito 2 17/01/2008     L-9879 1156240 23/02/2023 23/02/2023 Libro impreso